Zmeny pri spracúvaní cookies z hľadiska nového zákona o elektronických komunikáciách
Vysvetlenie pojmu cookies. Cookies a osobné údaje. Právna úprava cookies po 1. 2. 2022. Právne požiadavky pri zbere a používaní cookies. Sankcie za porušenie ustanovenia týkajúceho sa cookies.
Salvato in:
| Autore principale: | |
|---|---|
| Natura: | Capitolo di libro |
| Lingua: | slovacco |
| Soggetti: | |
| Tags: |
Nessun Tag, puoi essere il primo ad aggiungerne!!
|
MARC
| LEADER | 00000naa a2200000 4500 | ||
|---|---|---|---|
| 001 | 0286317 | ||
| 005 | 20240417075208.6 | ||
| 041 | 0 | |a slo | |
| 044 | |a SK | ||
| 245 | 1 | 0 | |a Zmeny pri spracúvaní cookies z hľadiska nového zákona o elektronických komunikáciách |c Tatiana Mičudová |
| 520 | |a Vysvetlenie pojmu cookies. Cookies a osobné údaje. Právna úprava cookies po 1. 2. 2022. Právne požiadavky pri zbere a používaní cookies. Sankcie za porušenie ustanovenia týkajúceho sa cookies. | ||
| 610 | 2 | 0 | |a komunikácia elektronická |
| 610 | 2 | 0 | |a stránky webové |
| 610 | 2 | 0 | |a zákony |
| 610 | 2 | 0 | |a legislatíva |
| 610 | 2 | 0 | |a ochrana údajov osobných |
| 610 | 2 | 0 | |a úpravy právne |
| 100 | 1 | |a Mičudová, Tatiana | |